| 000 | 00363nam a2200109Ia 4500 | ||
|---|---|---|---|
| 008 | 171204s9999 xx 000 0 und d | ||
| 245 | _aMobile & Social Game Design: Monetization Methods And Mechanics: | ||
| 245 | _cTim Fields | ||
| 260 | _c2014 | ||
| 650 | _xGAME DESIGN AND PRODUCTION | ||
| 856 | _uhttp://down.ebook777.com/006/Mob&SocGamDesMonMetAndMec(2nEdi.pdf | ||
| 999 |
_c346334 _d346334 |
||